000
00197 a2200085 4500
020
_a
9781770859159
100
_a
ALEX SANCHEZ VIDIELLA
245
_a
1000 ARCHITECTURAL DETAILS:
260
_b
FIREFLY BOOKS
999
_c
13074
_d
13074